[Event "FRA-chT "]
[Site "FRA"]
[Date "1994.??.??"]
[Round "3"]
[White "Abravanel, Chely"]
[Black "Degraeve, Jean Marc"]
[Result "1/2-1/2"]
[WhiteElo "2325"]
[BlackElo "2480"]

1.g3 e5 2.c4 Nc6 3.Bg2 Nf6 4.d3 d5 5.cxd5 Nxd5 6.Nf3 Be7 7.O-O O-O 8.Nbd2 Be6
9.Ne4 f6 10.Bd2 Qd7 11.Rc1 Rfd8 12.a3 a5 13.Qc2 Bg4 14.Nc3 Nb6 15.Be3 Kh8
16.Nb5 Nd5 17.Bc5 Bxc5 18.Qxc5 Nce7 19.Nc3 b6 20.Qc4 Nxc3 21.Rxc3 c5 22.Qb3 Rab8
23.Rfc1 Nc6 24.Nd2 Nd4 25.Qd1 Qf7 26.h3 Be6 27.Kh2 Rbc8 28.Nc4 Qa7 29.a4 Bxc4
30.Rxc4 Qf7 31.e3 Nf5 32.Qc2 Ne7 33.Rd1 Nc6 34.Qb3 Qc7 35.Rh4 Nb4 36.Be4 h6
37.Qe6 Qd7 38.Qxd7 Rxd7 39.Bf5 Rcd8 40.Bxd7 Rxd7 41.d4 exd4 42.exd4 Rd5 43.Kg2 Nc6
44.Re4 cxd4 45.Re6 Rc5 46.Rd6 Rc2 47.Rd3 Rc4 48.Rb3 Nb4 49.Rxb6 d3 50.R6xb4 axb4
51.Rxd3 b3 52.Rxb3 Rxa4 53.Rb7 Ra1 54.h4 Ra5 55.b4 Ra3 56.b5 h5 57.Rd7 Rb3
58.Rd5 g6 59.Kf1 Rb2 60.Rd8+ Kg7 61.Rd7+ Kh6 62.Rb7 g5 63.hxg5+ Kxg5 64.Kg2 h4
65.gxh4+ Kxh4 66.b6 Kg5 67.Rb8 Kf4 68.b7 Rb1 69.Rf8 Rxb7 70.Rxf6+ Kg5  1/2-1/2

[Event "Peer Gynt"]
[Site "Gausdal"]
[Date "1994.??.??"]
[Round "4"]
[White "Ostenstad, Berge"]
[Black "Sadler, Matthew"]
[Result "0-1"]
[WhiteElo "2465"]
[BlackElo "2560"]

1.c4 e5 2.g3 Nc6 3.Bg2 g6 4.Nc3 Bg7 5.e3 d6 6.Nge2 Nge7 7.d3 Bd7 8.Rb1 Qc8
9.h4 h6 10.b4 Bg4 11.b5 Nb8 12.a4 Nd7 13.Ba3 O-O 14.Qc2 f5 15.Qd2 e4 16.dxe4 Ne5
17.Nd5 Qd7 18.Nxe7+ Qxe7 19.Qd5+ Kh7 20.f4 Nf3+ 21.Kf2 fxe4 22.Qxb7 Ne5 23.h5 Be6
24.hxg6+ Kh8 25.Rbd1 Ng4+ 26.Kg1 Nxe3 27.Bxd6 Qd7 28.Rxh6+ Kg8 29.Qxc7 Qxc7
30.Bxc7 Nxd1 31.Rh7 Bf5 32.Rxg7+ Kxg7 33.Nd4 Kxg6 34.g4 Bxg4 35.Bxe4+ Kf7
36.Bxa8 Rxa8 37.c5 Nc3 38.a5 Ne2+ 39.Nxe2 Bxe2 40.b6 axb6 41.axb6 Bf3 42.Kf2 Bb7
43.Ke3 Ke6 44.Bd6 Ra4 45.Kd3 Re4 46.Kd2 Ba6 47.Kc3 Kd5 48.Kb3 Re3+ 49.Kc2 Bb7
50.Kd2 Kd4 51.Be5+ Ke4 52.Kc2 Rd3 53.Bd6 Kd4 54.Be5+ Kc4 55.Bd6 Be4 56.Kc1 Kb3  0-1

[Event "Peer Gynt"]
[Site "Gausdal"]
[Date "1994.??.??"]
[Round "6"]
[White "Ostenstad, Berge"]
[Black "Pein, Malcolm"]
[Result "1/2-1/2"]
[WhiteElo "2465"]
[BlackElo "2420"]

1.c4 e5 2.g3 g6 3.d4 d6 4.Nc3 Nd7 5.Bg2 Bg7 6.Nf3 Ngf6 7.O-O O-O 8.e4 c6
9.Rb1 a5 10.h3 h6 11.Be3 Nh7 12.dxe5 Nxe5 13.Nxe5 dxe5 14.Qc1 Be6 15.b3 Ng5
16.h4 Nh3+ 17.Kh2 Nf4 18.Rd1 Qf6 19.gxf4 Qxh4+ 20.Kg1 exf4 21.Bd4 Bh3 22.Bxh3 Qxh3
23.Qxf4 Bxd4 24.Rxd4 Qxc3 25.Rbd1 h5 26.Kg2 a4 27.R1d3 Qb2 28.Rd6 Rae8 29.Rg3 Re7
30.Rg5 Qg7 31.Rf6 axb3 32.axb3 Rxe4 33.Rfxg6 fxg6 34.Qxe4 Rf5 35.Qe6+ Kh7
36.Rxf5 gxf5+ 37.Kh2 Qc7+  1/2-1/2

[Event "Geneve op"]
[Site "Geneve"]
[Date "1994.??.??"]
[Round "3"]
[White "Razuvaev, Yuri S"]
[Black "Ikonnikov, Vyacheslav"]
[Result "1-0"]
[WhiteElo "2555"]
[BlackElo "2515"]

1.c4 e5 2.g3 Nc6 3.Bg2 g6 4.Nc3 Bg7 5.Rb1 a5 6.a3 Nf6 7.b4 axb4 8.axb4 O-O
9.d3 d6 10.Nf3 Nd4 11.Bg5 h6 12.Bxf6 Bxf6 13.O-O Bg7 14.b5 Bg4 15.Nxd4 exd4
16.Nd5 Ra2 17.Re1 Re8 18.Bf3 Bxf3 19.exf3 Rxe1+ 20.Qxe1 Ra8 21.Ra1 Rxa1 22.Qxa1 c6
23.bxc6 bxc6 24.Nb4 Qb6 25.Qa4 Bf8 26.Kg2 c5 27.Nd5 Qb1 28.Qe8 Kg7 29.Qe4 Qb7
30.Qf4 Qc8 31.Qf6+ Kg8 32.g4 Qe6 33.h4 Qxf6 34.Nxf6+ Kg7 35.Nd5 f6 36.Kg3 Kf7
37.f4 f5 38.h5 gxh5 39.g5 hxg5 40.fxg5 Kg6 41.Kh4 f4 42.Nxf4+ Kf5 43.Nd5 Kg6
44.f4 Bg7 45.Ne7+ Kf7 46.Nf5 Bf8 47.Kxh5 d5 48.cxd5 c4 49.dxc4 Bc5 50.g6+ Kf6
51.g7 Kf7 52.Kh6  1-0

[Event "BL2-S9394"]
[Site "Germany"]
[Date "1994.??.??"]
[Round "?"]
[White "Beikert, Guenther"]
[Black "Pfrommer, Christoph"]
[Result "1-0"]
[WhiteElo "2415"]
[BlackElo "2300"]

1.c4 e5 2.g3 c6 3.d4 exd4 4.Qxd4 d5 5.Bg2 Be6 6.Nf3 Nf6 7.Ng5 Bb4+ 8.Nc3 c5
9.Qd3 Nc6 10.Nxe6 fxe6 11.cxd5 exd5 12.O-O Bxc3 13.bxc3 O-O 14.Bg5 Ne7 15.c4 d4
16.Bxb7 Rb8 17.Rab1 Qd7 18.Bxf6 Rxb7 19.Rxb7 Qxb7 20.Rb1 Qd7 21.Bxe7 Qxe7
22.e4 dxe3 23.Qxe3 Qxe3 24.fxe3 Rd8 25.Rb5 Rd1+ 26.Kg2 Rd2+ 27.Kf3 Rxa2 28.h4 a5
29.Rxc5 a4 30.Ra5 a3 31.Ke4 Ra1 32.Ke5 a2 33.Ke6 h5 34.e4 Re1 35.Ra8+ Kh7
36.Rxa2 Rxe4+ 37.Kd5 Re3 38.Rc2 Rxg3 39.c5 g5 40.c6 Rd3+ 41.Ke4 Rd8 42.c7 Rc8
43.hxg5 Kg6 44.Kf4 Rf8+ 45.Kg3 Rc8 46.Kh4  1-0

[Event "BL2-N9394"]
[Site "Germany"]
[Date "1994.??.??"]
[Round "?"]
[White "Schneider, Bhd"]
[Black "Schulenburg, Bernd"]
[Result "1-0"]
[WhiteElo "2270"]
[BlackElo "2270"]

1.g3 e5 2.c4 Nc6 3.Bg2 g6 4.Nc3 Bg7 5.Rb1 a5 6.d3 d6 7.Nf3 Nf6 8.O-O h6 9.Nd5 O-O
10.Nxf6+ Qxf6 11.Nd2 Nd4 12.Ne4 Qe7 13.Nc3 c6 14.a3 Bd7 15.b4 axb4 16.axb4 Ra7
17.Be3 Ra3 18.Bd2 Rfa8 19.Re1 f5 20.e3 Ne6 21.Qc2 Qf7 22.Bc1 R3a7 23.Bb2 g5
24.Ra1 g4 25.Rxa7 Rxa7 26.f3 h5 27.Rf1 Qg6 28.Qf2 gxf3 29.Qxf3 Ng5 30.Qe2 Ra8
31.Kh1 Rf8 32.Nd1 Be6 33.Nc3 Bd7 34.Qd2 Ne6 35.Ne2 Ng5 36.Bc3 Qe8 37.Ng1 Qe7
38.Qd1 Be8 39.Rf2 Qe6 40.Qf1 d5 41.h4 Nh7 42.Bh3 dxc4 43.dxc4 Bf7 44.Rxf5 Qg6
45.Kh2 Rd8 46.Nf3 Be6 47.Nxe5 Bxe5 48.Rxe5 Bxh3 49.Kxh3 Qg4+ 50.Kg2 Rf8 51.Qd3 Qf3+
52.Kh2  1-0

[Event "BL2-O9394"]
[Site "Germany"]
[Date "1994.??.??"]
[Round "?"]
[White "Schunk, Thomas"]
[Black "Schoeneberg, Manfred"]
[Result "1-0"]
[WhiteElo "2285"]
[BlackElo "2340"]

1.c4 e5 2.g3 Nc6 3.Bg2 g6 4.Nc3 Bg7 5.d3 d6 6.Rb1 a5 7.Nf3 Nge7 8.h4 h5 9.Bd2 Bg4
10.Nd5 O-O 11.O-O Nxd5 12.cxd5 Nd4 13.Nxd4 exd4 14.Re1 Re8 15.Rc1 Qd7 16.Rc2 Re7
17.Qc1 Rae8 18.e4 dxe3 19.Bxe3 Bf5 20.Rd1 Bg4 21.Re1 Bd4 22.Be4 Bxe3 23.Rxe3 f5
24.Bg2 Rxe3 25.fxe3 Qe7 26.e4 fxe4 27.dxe4 Qf6 28.Rxc7 Re7 29.Rxe7 Qxe7 30.Qg5 Kf7
31.Qc1 Qe5 32.Qf4+ Qf6 33.Kh2 Kg7 34.Qc1 Qe7 35.Qc3+ Kh7 36.Qxa5 g5 37.hxg5 h4
38.Qc3 Qxg5 39.Qc7+ Kh8 40.Qxd6 h3 41.Qb8+ Kg7 42.Qxb7+ Kf6 43.Qc6+ Kg7 44.Qc7+ Kg6
45.Qd6+ Kh5 46.Qf4 hxg2 47.Qxg5+ Kxg5 48.Kxg2 Kf6 49.Kf2 Ke5 50.Ke3 Bd1 51.Kd3 Bf3
52.Kc4 Bxe4 53.Kc5 Bxd5 54.a4 Bf3 55.b4 Ke6 56.b5 Kd7 57.a5 Kc7 58.a6 Be2
59.b6+ Kb8 60.a7+ Kb7 61.Kd6  1-0

[Event "BL2-S9394"]
[Site "Germany"]
[Date "1994.??.??"]
[Round "?"]
[White "Neunhoeffer, Helmut"]
[Black "Bialas, Wolfram"]
[Result "1/2-1/2"]
[WhiteElo "2295"]
[BlackElo "2310"]

1.c4 e5 2.g3 Nf6 3.Bg2 c6 4.d4 d6 5.Nc3 Nbd7 6.e3 Be7 7.Nge2 O-O 8.Rb1 exd4
9.Nxd4 Nb6 10.b3 d5 11.cxd5 Nbxd5 12.Nde2 Bf5 13.e4 Nxc3 14.Nxc3 Bb4 15.O-O Bg6
16.Qc2 Bxc3 17.Qxc3 Nxe4 18.Bxe4 Bxe4 19.Bb2 f6 20.Rbe1 Bd5 21.Qb4 b5 22.Qg4 a5
23.Re3 Qc8 24.Qh5 a4 25.Rfe1 axb3 26.axb3 Bf7 27.Qh4 Ra2 28.Bc3 Qf5 29.Qf4 Qxf4
30.gxf4 Rd8 31.b4 Rc2 32.Ra1 Re8 33.Rxe8+ Bxe8 34.Bd4 Rc4 35.Bc5 Rxf4 36.Ra7 Bg6
37.Ra8+ Kf7 38.Ra7+ Ke6 39.h3 Rh4 40.Kg2 Be4+ 41.f3 Bf5 42.Rxg7 Rxh3 43.Re7+ Kd5
44.Re8 Rh6 45.Rd8+  1/2-1/2

[Event "NRW-Liga I 9394"]
[Site "Germany"]
[Date "1994.??.??"]
[Round "?"]
[White "Rosen, Bernd"]
[Black "Boehle, Lars"]
[Result "1-0"]
[WhiteElo "2295"]
[BlackElo "2325"]

1.c4 e5 2.g3 Nc6 3.Bg2 g6 4.Nc3 Bg7 5.e4 d6 6.Nge2 Nge7 7.d3 O-O 8.O-O Be6
9.Nd5 Qd7 10.Be3 f5 11.Qd2 Rf7 12.Rac1 Raf8 13.b4 Nc8 14.b5 Nd8 15.d4 fxe4
16.dxe5 Bxe5 17.Bxe4 Bh3 18.Rfe1 Ne6 19.f4 Bg7 20.Nb4 Nc5 21.Bd5 Be6 22.Bg2 Kh8
23.Nd3 b6 24.Bc6 Qd8 25.Nd4 Bh3 26.Bd5 Rf6 27.Nc6 Qd7 28.Bd4 Rf5 29.Bxg7+ Kxg7
30.Nxc5 dxc5 31.Qc3+ R5f6 32.Rcd1 Qg4 33.Bf3 Qf5 34.Re5  1-0

[Event "NRW-Liga I 9394"]
[Site "Germany"]
[Date "1994.??.??"]
[Round "?"]
[White "Bachmann, Karlheinz"]
[Black "Donner, Bernd"]
[Result "1-0"]
[WhiteElo "2325"]
[BlackElo "2380"]

1.c4 e5 2.g3 Nc6 3.Bg2 f5 4.d3 Bb4+ 5.Bd2 a5 6.Nc3 Nf6 7.Nf3 d6 8.O-O O-O
9.b3 f4 10.a3 Bxc3 11.Bxc3 Qe8 12.Qd2 Qh5 13.b4 Bh3 14.Nh4 Bxg2 15.Kxg2 g5
16.Nf3 g4 17.Ng1 Ne8 18.f3 Ng7 19.e4 Ne6 20.Qd1 fxg3 21.hxg3 gxf3+ 22.Rxf3 Rxf3
23.Nxf3 Rf8 24.Nh2 Rf2+ 25.Kxf2 Qxh2+ 26.Kf3 Ng5+ 27.Kg4 h6 28.Qf1 Ne7 29.Re1 Kg7
30.Re2 h5+ 31.Kxg5 Qxg3+ 32.Kxh5 Ng6 33.Qf2 Nf4+ 34.Qxf4 Qxf4 35.Rg2+  1-0

[Event "Giessen Feb-IM"]
[Site "Giessen"]
[Date "1994.??.??"]
[Round "3"]
[White "Reschke, Stefan"]
[Black "Bruch, Ingo"]
[Result "0-1"]
[WhiteElo "2390"]
[BlackElo "2295"]

1.c4 e5 2.g3 d6 3.d4 Nd7 4.e4 Ngf6 5.Nc3 g6 6.Nf3 Bg7 7.Bg2 O-O 8.O-O c6
9.b3 exd4 10.Nxd4 Re8 11.Re1 Ng4 12.Nde2 Nc5 13.h3 Ne5 14.Be3 a5 15.Nd4 a4
16.Rb1 axb3 17.axb3 Ned3 18.Re2 Nb4 19.Rd2 Qe7 20.Nde2 f5 21.Rxd6 Nxe4 22.Nxe4 fxe4
23.Rd2 Nd3 24.Qc2 h5 25.Nc1 Ne1 26.Qd1 Nf3+ 27.Bxf3 exf3 28.Qxf3 Bf5 29.Nd3 Rad8
30.Bb6 Rd7 31.Kh2 Bc3 32.Rdd1 Bd4 33.Bxd4 Rxd4 34.Nf4 Rxf4 35.Qxf4 Bxb1 36.Rxb1 Rf8
37.Qd2 Qe4 38.Re1 Qf3 39.Kg1 Qxb3 40.Qd4 Qb4 41.Qe4 Qd6 42.c5 Qf6 43.Qc2 Kg7
44.h4 Rd8 45.Qb3 Rd7 46.Re4 Re7 47.Rb4 Qe5 48.Rxb7 Qxc5 49.Qb2+ Kf7 50.Rb4 Re1+
51.Kh2 Qd5 52.Rf4+ Kg8 53.f3 Qe6 54.Re4 Rxe4 55.fxe4 Qxe4 56.Qf6 c5 57.Qd8+ Kf7
58.Qc7+ Qe7 59.Qf4+ Kg7 60.Kg1 Qe1+ 61.Kh2 Qe2+ 62.Kg1 Qd1+ 63.Kg2 Qd5+ 64.Kh2 Qd4
65.Qc7+ Kf6 66.Qb6+ Kf5 67.Kh3 Qd5 68.Qb1+ Qe4 69.Qf1+ Ke5 70.Qa1+ Qd4 71.Qa5 Qg4+
72.Kh2 Qe2+ 73.Kh3 Kd4 74.Qd8+ Kc4 75.Qa5 Qf1+ 76.Kh2 Qf2+ 77.Kh3 Qf5+ 78.Kh2 Kd3
79.Qa3+ Ke4 80.Qa8+ Qd5 81.Qe8+ Kf3 82.Qf8+ Ke2 83.Qe8+ Kf2 84.Qf8+ Qf5 85.Qa8 Qf3
86.Qa2+ Qe2 87.Qf7+ Ke1+ 88.Kg1 c4 89.Qf4 Kd1 90.Qd4+ Qd3 91.Qa1+ Kc2 92.Qa2+ Kc3
93.Qa3+  0-1

[Event "Giessen Feb-IM"]
[Site "Giessen"]
[Date "1994.??.??"]
[Round "8"]
[White "Adamski, Jan"]
[Black "Matthaei, Alexander"]
[Result "1/2-1/2"]
[WhiteElo "2415"]
[BlackElo "2295"]

1.c4 e5 2.g3 Nc6 3.Bg2 g6 4.Nc3 Bg7 5.e3 d6 6.Nge2 Be6 7.d4 exd4 8.Nxd4 Bd7
9.O-O Nge7 10.Nxc6 Bxc6 11.e4 O-O 12.Bg5 h6 13.Be3 f5 14.Qd2 Kh7 15.Bd4 Bxd4
16.Qxd4 f4 17.gxf4 Rxf4 18.Ne2 Rf7 19.f4 Qd7 20.Rf2 Ng8 21.Raf1 Re8 22.Nc3 Qg4
23.Qd3 Nf6 24.Qg3 Qh5 25.f5 g5 26.c5 Bxe4 27.cxd6 Bxg2 28.Rxg2 cxd6 29.Qxd6 Qh4
30.Rgf2 Kg7 31.Qg3 Qxg3+ 32.hxg3 Rd8 33.Re2 Rd3 34.Kg2 Ng4 35.Rf3 Rxf3 36.Kxf3 h5
37.Kg2 Rxf5 38.Re7+ Rf7 39.Rxf7+ Kxf7 40.Nb5 Ne3+ 41.Kf3 Nf5 42.Nxa7 Nd6
43.a4 Ke6 44.b4 Kd5 45.a5 Kc4 46.b5 Kc5 47.b6 Kb4 48.Nc8 Nf7 49.a6 bxa6 50.b7 Ne5+
51.Ke4 Nd7 52.Nb6 Nb8 53.Kf5 h4 54.gxh4 gxh4 55.Kg4 a5 56.Kxh4 Kb5 57.Nd5 Kc6
58.Nc3 Kxb7 59.Kg4 Kc6 60.Kf3 Kc5 61.Ke3 Kc4 62.Kd2 Kb3 63.Ne4 Nd7 64.Kc1 Ka2
65.Kc2 Nb6 66.Nc5 Ka3 67.Kc3 Nd5+ 68.Kc4 Nc7 69.Nb7  1/2-1/2

[Event "USA-ARM"]
[Site "Glendale"]
[Date "1994.??.??"]
[Round "4"]
[White "Anastasian, Ashot"]
[Black "Gurevich, Ilya"]
[Result "1-0"]
[WhiteElo "2545"]
[BlackElo "2585"]

1.c4 e5 2.g3 Nf6 3.Bg2 c6 4.Nf3 e4 5.Nd4 d5 6.cxd5 Qxd5 7.Nc2 Qh5 8.h3 Qg6
9.b3 Bc5 10.Bb2 O-O 11.Ne3 Rd8 12.Qc2 Na6 13.a3 Be6 14.Bxf6 Qxf6 15.Nc3 Qe5
16.Ng4 Qd4 17.e3 Qd7 18.Nxe4 Be7 19.Ne5 Qc7 20.Nd3 Qb6 21.b4 Rac8 22.O-O Bf5
23.g4 Bg6 24.Nf4 c5 25.Nxg6 hxg6 26.bxc5 Nxc5 27.Rab1 Qa5 28.d4 Ne6 29.Qb3 Rc7
30.a4 a6 31.Rfc1 Rdc8 32.Rxc7 Rxc7 33.Rd1 g5 34.Ng3 Bb4 35.Rb1 Qb6 36.a5 Qb5
37.Bf1 Qxa5 38.Qxb4 Qxb4 39.Rxb4 b5 40.Ne4 Rc1 41.Kg2 Nc7 42.Rb3 Kf8 43.Rc3 Rxc3
44.Nxc3 b4 45.Na4 a5 46.Bc4 Ne8 47.e4 Nd6 48.Bd3 f6 49.Kf3 Ke7 50.e5 Nf7
51.Ke4 Nh8 52.Kd5 Nf7 53.Nc5 Nd8 54.Bg6 fxe5 55.dxe5 b3 56.Nxb3 Ne6 57.Bc2 Nf4+
58.Ke4 a4 59.Nd4 a3 60.Bb3 Nxh3 61.Ke3 g6 62.Nc2 Nf4 63.Nxa3 Kd7 64.Nc2 Kc6
65.Nd4+ Kd7 66.Nf3 Ne6 67.Bc4 Ke7 68.Bf1 Nf4 69.Nxg5 Nd5+ 70.Kd4 Nc7  1-0

[Event "Groningen op"]
[Site "Groningen"]
[Date "1994.??.??"]
[Round "6"]
[White "Fauland Borek, Jutta"]
[Black "Rubene, Ilze"]
[Result "0-1"]
[WhiteElo "2105"]
[BlackElo "2255"]

1.c4 e5 2.g3 Nc6 3.Bg2 g6 4.b3 Bg7 5.Bb2 d6 6.Nc3 Nge7 7.e4 Nd4 8.Nce2 c5
9.Nxd4 cxd4 10.d3 b5 11.Qd2 bxc4 12.bxc4 Nc6 13.Ne2 h5 14.h4 Bh6 15.f4 O-O
16.O-O Na5 17.Qc2 Bg4 18.Bf3 Bh3 19.Bg2 Bg4 20.f5 Be3+ 21.Kh2 Nb7 22.Bf3 Nc5
23.Bxg4 hxg4 24.Kg2 Rb8 25.Bc1 Bxc1 26.Nxc1 Qa5 27.Nb3 Qc3 28.Qxc3 dxc3 29.Nxc5 Rb2+
30.Rf2 dxc5 31.Rxb2 cxb2 32.Rb1 gxf5 33.exf5 Rb8 34.Kf2 Kg7 35.Ke3 a5 36.Ke4 Kf6
37.a3 a4 38.Kd5 Kxf5 39.Kxc5 Rb3 40.d4 exd4 41.Kxd4 Rxa3 42.Rxb2 Rxg3 43.c5 Rg1
44.Rc2 Rd1+ 45.Ke3 Re1+ 46.Kf2 Rh1 47.Kg2 Rxh4 48.c6 Rh8 49.c7 Rc8 50.Rc5+ Ke6
51.Kg3 f5 52.Kf4 a3 53.Ra5 Rxc7 54.Ra6+ Kd5 55.Rxa3 Rg7 56.Kxf5 g3 57.Rd3+ Kc4
58.Rd1 g2 59.Rg1  0-1

[Event "Groningen op"]
[Site "Groningen"]
[Date "1994.??.??"]
[Round "6"]
[White "Daudzvardis, Janis"]
[Black "Berelovich, Aleksandar"]
[Result "0-1"]
[WhiteElo "2285"]
[BlackElo "2490"]

1.c4 e5 2.g3 c6 3.Bg2 d5 4.cxd5 cxd5 5.d4 exd4 6.Nf3 Bb4+ 7.Bd2 Bc5 8.b4 Bb6
9.a4 a6 10.O-O Nf6 11.Bg5 h6 12.Bxf6 Qxf6 13.a5 Ba7 14.Na3 O-O 15.Qb3 Nc6
16.Ra2 Bf5 17.Rd2 Be4 18.Ne1 Rac8 19.Nd3 Ne5 20.Nxe5 Qxe5 21.Nb1 Qc7 22.Rb2 Rfe8
23.Bh3 Rcd8 24.Nd2 Bg6 25.Nf3 Qc3 26.Qa2 d3 27.exd3 Bxd3 28.Rb3 Qc4 29.Nd2 Qb5
30.Qa3 Bxf1 31.Bxf1 Qc6 32.Rc3 Qd6 33.Rf3 Re6 34.Qc3 Rf6 35.Rxf6 Qxf6 36.Qxf6 gxf6
37.b5 axb5 38.Bxb5 Rc8 39.a6 Rc2  0-1

[Event "Groningen op"]
[Site "Groningen"]
[Date "1994.??.??"]
[Round "8"]
[White "Manouck, Thierry"]
[Black "Mamedova, Rena"]
[Result "0-1"]
[WhiteElo "2285"]
[BlackElo "2155"]

1.c4 e5 2.g3 d6 3.Nc3 f5 4.d4 Be7 5.Nd5 Nf6 6.Nxe7 Qxe7 7.Bg2 O-O 8.Nf3 e4
9.Nd2 Nc6 10.e3 Nb4 11.O-O Nd3 12.Qc2 c5 13.Nb3 Be6 14.Bd2 Rac8 15.d5 Bf7
16.a4 Bh5 17.Bc3 Ng4 18.Ra3 Nge5 19.Bxe5 Nxe5 20.Nd2 Be2 21.Rfa1 Bd3 22.Qc1 Be2
23.Bf1 Bxf1 24.Qxf1 Qf7 25.Qe2 Qg6 26.Rb3 Rc7 27.Kf1 Qh6 28.Kg2 Rcf7 29.a5 Ng4
30.h3 Ne5 31.f4 Nd3 32.Nb1 g5 33.Nc3 Rg7 34.Kh2 gxf4 35.exf4 Kh8 36.Qe3 Rfg8
37.Ne2 Qf6 38.Qd2 h5 39.Qc3 Qe7 40.h4 Kh7 41.Rg1 Rg4 42.Kh3 Rxh4+ 43.Kg2 Nxf4+
44.Nxf4 Rxf4 45.Rh1 h4 46.Qd2 Rfg4 47.Kf1 R8g7 48.Qf2 Qg5 49.Re3 Rg8 50.gxh4 Qh6
51.Qe1 Rg2  0-1

[Event "Groningen op"]
[Site "Groningen"]
[Date "1994.??.??"]
[Round "9"]
[White "De Boer, Gert Jan"]
[Black "Adler, Viktor"]
[Result "0-1"]
[WhiteElo "2435"]
[BlackElo "2405"]

1.c4 e5 2.g3 Nc6 3.Bg2 g6 4.Nc3 Bg7 5.Rb1 a5 6.e3 d6 7.Nge2 h5 8.O-O h4 9.d4 hxg3
10.fxg3 Bg4 11.d5 Nb8 12.Ne4 f5 13.Nf2 Nf6 14.Nxg4 Nxg4 15.h3 Nf6 16.e4 Nxe4
17.Bxe4 fxe4 18.Nc3 Qd7 19.Qg4 Qxg4 20.hxg4 Nd7 21.g5 Ke7 22.Be3 Raf8 23.Nxe4 Rxf1+
24.Rxf1 Rf8 25.Re1 Rc8 26.Rd1 b6 27.Kg2 c6 28.dxc6 Rxc6 29.b3 Ke6 30.Kf3 Bf8
31.Nc3 Rc7 32.Rh1 Bg7 33.Nd5 Rb7 34.Ke4 Kf7 35.Nc3 Ke6 36.Nb5 Nc5+ 37.Bxc5 bxc5
38.Rh7 Re7 39.Nc3 Ra7 40.Ke3 Rd7 41.Rh1 e4 42.Nd5 Kf5 43.Rf1+ Kxg5 44.Kxe4 Be5
45.Nf4 Rh7 46.Nd3 Re7 47.Nxe5 Rxe5+ 48.Kf3 Rf5+ 49.Kg2 Rxf1 50.Kxf1 Kf5 51.Kf2 Ke4
52.Ke2 Kd4 53.Kd2 g5 54.a3 a4 55.Kc2 g4 56.Kb2 Kd3  0-1

[Event "Gyongyos op"]
[Site "Gyongyos"]
[Date "1994.??.??"]
[Round "?"]
[White "Kaposztas, Miklos"]
[Black "Seknadje, Jose"]
[Result "1/2-1/2"]
[WhiteElo "2260"]
[BlackElo "2180"]

1.c4 e5 2.g3 c6 3.Bg2 Nf6 4.Nc3 d5 5.cxd5 cxd5 6.Qb3 Nc6 7.Nxd5 Nd4 8.Nxf6+ Qxf6
9.Qd1 Bf5 10.d3 Rc8 11.Rb1 Bc5 12.Nf3 Nc2+ 13.Kf1 Nd4 14.Bg5 Qd6 15.h3 O-O
16.Be3 Rc7 17.Rc1  1/2-1/2

[Event "Haarlem AKN"]
[Site "Haarlem"]
[Date "1994.??.??"]
[Round "5"]
[White "Lalic, Bogdan"]
[Black "Maier, Christian"]
[Result "1-0"]
[WhiteElo "2520"]
[BlackElo "2355"]

1.c4 e5 2.g3 Nc6 3.Bg2 h5 4.h3 Bc5 5.Nc3 d6 6.Nf3 h4 7.Nxh4 Rxh4 8.gxh4 Qxh4
9.Ne4 Bb6 10.d3 f5 11.Bg5 Qh5 12.Bf3 Qf7 13.Nc3 Nf6 14.Bxf6 Qxf6 15.Nd5 Qh4
16.e3 Ba5+ 17.Kf1 Kf8 18.a3 Ne7 19.Nxe7 Qxe7 20.h4 c6 21.h5 Qg5 22.Ke2 Be6
23.Qg1 Qh6 24.Rc1 Re8 25.Qg6 Qxg6 26.hxg6 Ke7 27.b4 Bd8 28.b5 cxb5 29.Bxb7 bxc4
30.dxc4 Bb6 31.Bd5 Bd7 32.Rb1 Kf6 33.Rhd1 Ba4 34.Rd2 Rd8 35.Rdb2 Bc5 36.Rb7 Be8
37.Bf7 Bc6 38.Rc7 Be4 39.Rb5 f4 40.Bd5 Bxg6 41.Rbxc5 dxc5 42.Rxa7 Rb8 43.exf4 Rb2+
44.Kf3 Rb3+ 45.Kg2 exf4 46.a4 Ra3 47.a5 Bf5 48.a6 g5 49.Ra8 g4 50.a7 Bc8
51.Rxc8 Rxa7 52.Rxc5 Ra2 53.Be4 g3 54.Rf5+ Ke6 55.Rxf4 Ke5 56.Kxg3  1-0

[Event "Harkany op"]
[Site "Harkany"]
[Date "1994.??.??"]
[Round "4"]
[White "Ruck, Robert"]
[Black "Nestorovic, Vladimir"]
[Result "0-1"]
[WhiteElo "2435"]
[BlackElo "2290"]

1.c4 e5 2.g3 d6 3.Bg2 Nc6 4.Nc3 Be6 5.d3 Qd7 6.Rb1 g6 7.b4 Bg7 8.b5 Nd8 9.e3 Ne7
10.Nd5 O-O 11.Qb3 Nc8 12.a4 c6 13.Nc3 a6 14.bxc6 bxc6 15.Ba3 Re8 16.Nge2 Bh3
17.O-O h5 18.Ne4 Bxg2 19.Kxg2 c5 20.N2c3 Ne7 21.Qb6 Nc8 22.Qb3 Ne7 23.Nd5 Nxd5
24.cxd5 f5 25.Nd2 Nf7 26.Qb7 Qxa4 27.Nc4 Rad8 28.Rfc1 e4 29.Rb6 exd3 30.Rxa6 Qd7
31.Qxd7 Rxd7 32.Rd1 Re4 33.Nb6 Rb7 34.Rxd3 h4 35.Kf1 Bf8 36.Ke2 h3 37.Rc3 Bg7
38.Rc2 Re8 39.Nc4 Bf8 40.Bb2 Reb8 41.f3 Rb4 42.Bc1 g5 43.Kf2 g4 44.e4 Rxc4
45.Rxc4 Ne5 46.Raa4 Rb1 47.exf5 gxf3 48.g4 Nd3+ 49.Kxf3 Nxc1 50.Ke4 Nb3 51.Rc3 Rg1
52.Kf4 Bh6+ 53.Kf3 Nd4+ 54.Kf2 Rg2+ 55.Kf1 Rxh2 56.g5 Bxg5 57.Rg3 Rg2 58.Rxh3 Rg4
59.Ra7 Rf4+ 60.Kg2 Rxf5 61.Rhh7 Bf6 62.Rhd7 Be5 63.Kh3 Rf8 64.Kg4 Nb5 65.Rab7 Nc3
66.Kg5 Nxd5 67.Kg6 Nf4+ 68.Kh6 Rf6+ 69.Kg5 Ne6+ 70.Kh5 c4 71.Re7 c3 72.Re8+ Nf8
73.Ree7 Rf2 74.Rec7 c2 75.Rc4 Bf4  0-1

[Event "Harkany op"]
[Site "Harkany"]
[Date "1994.??.??"]
[Round "4"]
[White "Czebe, Attila"]
[Black "Vaulin, Alexander"]
[Result "1/2-1/2"]
[WhiteElo "2430"]
[BlackElo "2550"]

1.c4 e5 2.g3 d6 3.Bg2 g6 4.Nc3 Bg7 5.e3 f5 6.Nge2 Nf6 7.O-O O-O 8.b3 c6 9.d4 Qe7
10.Ba3 e4 11.h4 Na6 12.b4 Be6 13.b5 Nc7 14.bxc6 bxc6 15.Qa4 Rfc8 16.Rab1 Qf7
17.Bxd6 Bxc4 18.Rb7 Nfe8 19.Bf4 Ba6 20.Rb2  1/2-1/2

[Event "Helsinki-ch"]
[Site "Helsinki"]
[Date "1994.??.??"]
[Round "?"]
[White "Hermlin, Aarne"]
[Black "Kokkila, Tero"]
[Result "1-0"]
[WhiteElo "2365"]
[BlackElo "2235"]

1.g3 e5 2.c4 Nc6 3.Bg2 g6 4.Nc3 Bg7 5.e4 Nge7 6.d3 O-O 7.Nge2 Nd4 8.Nxd4 exd4
9.Ne2 c6 10.Nf4 b5 11.b3 bxc4 12.bxc4 d5 13.exd5 cxd5 14.O-O Bb7 15.Ba3 Rb8
16.Re1 Re8 17.Rb1 Qc7 18.cxd5 Qd7 19.Rxe7 Rxe7 20.Bxe7 Qxe7 21.d6 Qd7 22.Qb3 Be5
23.Ne2 Qg4 24.Rb2 Bxd6 25.Bxb7  1-0

[Event "Hradec Kralove op"]
[Site "Hradec Kralove"]
[Date "1994.??.??"]
[Round "7"]
[White "Kraschl, Joerg"]
[Black "Trefny, Vlastimil"]
[Result "0-1"]
[WhiteElo "2230"]
[BlackElo "2220"]

1.g3 e5 2.c4 Nc6 3.Bg2 d6 4.Nc3 Be6 5.d3 Qd7 6.Rb1 g6 7.b4 Bg7 8.b5 Nd8 9.e3 Nh6
10.Nge2 Bh3 11.O-O O-O 12.a4 Bxg2 13.Kxg2 f5 14.f4 Ne6 15.d4 Qf7 16.a5 Rfe8
17.a6 bxa6 18.bxa6 exd4 19.exd4 Nxd4 20.Nxd4 Qxc4 21.Ncb5 c6 22.Nxd6 Qa2+
23.Bb2 Ng4 24.Nc2 Rad8 25.Bxg7 Rxd6 26.Rb2 Rxd1 27.Rxa2 Rd2+ 28.Kg1 Ree2  0-1

[Event "HUN-chT 9394"]
[Site "?"]
[Date "1994.??.??"]
[Round "?"]
[White "Mate, Laszlo"]
[Black "Farago, Sandor"]
[Result "1/2-1/2"]
[WhiteElo "2290"]
[BlackElo "2390"]

1.c4 e5 2.g3 Nc6 3.Bg2 g6 4.e3 Bg7 5.Ne2 Nge7 6.Nbc3 O-O 7.O-O d6 8.b3 Be6
9.Nd5 e4 10.Rb1 f5 11.d3 exd3 12.Qxd3 Ne5 13.Qd2 Nxd5 14.Nd4 Bd7 15.Bxd5+ Kh8
16.Bxb7 Rb8 17.Bd5 c6 18.Bg2 Nxc4 19.Qc2 Ne5 20.f4 c5 21.fxe5 cxd4 22.exd4 dxe5
23.dxe5 Bb5 24.Rd1 Qe7 25.Bb2 f4 26.gxf4 Rxf4 27.e6 Rbf8 28.Bxg7+ Kxg7 29.a4 Be8
30.Qc3+ Kh6 31.Qe3 Qg5 32.Qg3 Rg4 33.Qh3+ Kg7 34.Rbc1 h5 35.Rc2 Qe7 36.Qc3+ Kh6
37.h3 Rg5 38.Qe3 Kh7 39.Rdc1 Kg8 40.Kh1 Rff5 41.Rc7 Qf8 42.Rc8 Re5 43.Qd2 Rxg2
44.Kxg2 Rxe6 45.Re1 Qf7 46.Kh2 h4 47.Rxe6  1/2-1/2

[Event "HUN-chT 9394"]
[Site "?"]
[Date "1994.??.??"]
[Round "?"]
[White "Csom, Istvan"]
[Black "Ozsvath, Andras"]
[Result "1-0"]
[WhiteElo "2410"]
[BlackElo "2285"]

1.c4 e5 2.g3 f5 3.Bg2 Nf6 4.Nc3 Nc6 5.d3 Bc5 6.e3 O-O 7.Nge2 f4 8.exf4 d6
9.O-O Bf5 10.Be3 Qe8 11.fxe5 Ng4 12.d4 Ncxe5 13.dxe5 Bxe3 14.fxe3 Qh5 15.Qd5+ Kh8
16.h3 Nxe3 17.Qf3 Qg5 18.Qf4 Qxf4 19.Rxf4 dxe5 20.Rf3 Nxg2 21.Raf1 g6 22.Kxg2 Rfd8
23.g4 Be6 24.b3 Rd2 25.R1f2 Bd7 26.Ng3 Rd4 27.Nb5 Rd1 28.Nxc7 Rc8 29.Nd5 b5
30.Ne4 bxc4 31.bxc4 Ra1 32.Rf8+ Kg7 33.R2f7+ Kh6 34.g5+  1-0

[Event "HUN-chT 9394"]
[Site "?"]
[Date "1994.??.??"]
[Round "?"]
[White "Schneider, Attila"]
[Black "Ozsvath, Andras"]
[Result "1/2-1/2"]
[WhiteElo "2380"]
[BlackElo "2285"]

1.c4 e5 2.g3 Nc6 3.Bg2 f5 4.Nc3 Nf6 5.e3 g6 6.Nge2 Bg7 7.d3 O-O 8.O-O d6
9.Rb1 a5 10.a3 Ne7 11.f4 c6 12.d4 e4 13.d5 cxd5 14.cxd5 Kh8 15.b4 axb4 16.axb4 Bd7
17.Qb3  1/2-1/2

[Event "HUN-chT2 9394"]
[Site "?"]
[Date "1994.??.??"]
[Round "?"]
[White "Ruck, Robert"]
[Black "Zemerov, Vladimir"]
[Result "0-1"]
[WhiteElo "2420"]
[BlackElo "2415"]

1.c4 e5 2.g3 Nc6 3.Bg2 f5 4.Nc3 Nf6 5.e3 d5 6.cxd5 Nb4 7.d4 e4 8.Bf1 Nbxd5
9.Qb3 c6 10.Nge2 Qb6 11.Nxd5 Nxd5 12.Qd1 Be6 13.Nc3 Be7 14.Na4 Qc7 15.Bd2 O-O
16.Rc1 Rad8 17.Nc5 Bf7 18.Be2 Kh8 19.Qa4 Ra8 20.O-O Bd6 21.b4 a6 22.Qc2 Qe7
23.Kh1 Bg6 24.Qb3 Nf6 25.a4 Bf7 26.Qd1 Bd5 27.Rg1 Qf7 28.Qf1 Ng4 29.Qg2 Qe7
30.Rgf1 Rf6 31.h3 Rh6 32.Kg1 Nf6 33.Rc3 f4 34.f3 exf3 35.Bxf3 b6 36.e4 Bxc5
37.dxc5 Nxe4 38.Re1 Re6 39.Bxe4 Bxe4 40.Qf2 fxg3 41.Rxg3 Rf8 42.Qd4 bxc5
43.bxc5 Rd8 44.Qf2 Bg6 45.Rge3 Rxe3 46.Rxe3 Qd7 47.Bc3 Kg8 48.Kh2 Rf8 49.Qg3 Qf7
50.Re2 Qf1 51.Rd2 Qf5 52.Qc7 Qf4+ 53.Qxf4 Rxf4 54.Rd7 Rxa4 55.Bxg7 a5 56.Bh6 Rh4
57.Bd2 a4 58.Ra7 Kf8 59.Kg3 Rd4 60.Bf4 Ke8 61.Bd6 Bf5 62.Re7+ Kd8 63.Ra7 h5
64.h4 Rg4+  0-1